Your marriage / (Record no. 50863)
[ view plain ]
| 000 -LEADER | |
|---|---|
| fixed length control field | 01034nam a2200325 a 4500 |
| 001 - CONTROL NUMBER | |
| control field | 000005934721 |
| 005 - DATE AND TIME OF LATEST TRANSACTION | |
| control field | 20211215103116.0 |
| 008 - FIXED-LENGTH DATA ELEMENTS--GENERAL INFORMATION | |
| fixed length control field | 880801t19581958enkm a 0 0 eng d |
| 040 ## - CATALOGING SOURCE | |
| Original cataloging agency | ANL |
| Language of cataloging | eng |
| Transcribing agency | ANL |
| 100 1# - MAIN ENTRY--PERSONAL NAME | |
| Personal name | Parsons, Martin, |
| Dates associated with a name | 1907- |
| 245 10 - TITLE STATEMENT | |
| Title | Your marriage / |
| Statement of responsibility, etc | by Martin Parsons. |
| 264 #1 - PRODUCTION, PUBLICATION, DISTRIBUTION, MANUFACTURE STATEMENTS | |
| Place of production, publication, distribution, manufacture | London : |
| Name of producer, publisher, distributor, manufacturer | <a href="Hodder and Stoughton,">Hodder and Stoughton,</a> |
| Date of production, publication, distribution, manufacture | 1964, [1958]. |
| 264 #4 - PRODUCTION, PUBLICATION, DISTRIBUTION, MANUFACTURE STATEMENTS | |
| Date of production, publication, distribution, manufacture | [�1958] |
| 300 ## - PHYSICAL DESCRIPTION | |
| Extent | 112 pages ; |
| Dimensions | 18 cm. |
| 336 ## - CONTENT TYPE | |
| Content Type Term | text |
| Content Type Code | txt |
| Source | rdacontent |
| 337 ## - MEDIA TYPE | |
| Media Type Term | unmediated |
| Media Type Code | n |
| Source | rdamedia |
| 338 ## - CARRIER TYPE | |
| Carrier Type Term | volume |
| Carrier Type Code | nc |
| Source | rdacarrier |
| 490 1# - SERIES STATEMENT | |
| Series statement | The Christian commitment series. |
| 650 00 - SUBJECT ADDED ENTRY--TOPICAL TERM | |
| Topical term or geographic name as entry element | Marriage. |
| 650 00 - SUBJECT ADDED ENTRY--TOPICAL TERM | |
| Topical term or geographic name as entry element | Christianity. |
| 830 #4 - SERIES ADDED ENTRY--UNIFORM TITLE | |
| Uniform title | The Christian commitment series. |
| 911 ## - EQUIVALENCE OR CROSS-REFERENCE-CONFERENCE OR MEETING NAME [LOCAL, CANADA] | |
| Meeting name or jurisdiction name as entry element | (OCoLC)220499273 |
| Number of part/section/meeting | Added from Libraries Australia concordance file supplied 7 April 2020. |
| 942 ## - ADDED ENTRY ELEMENTS (KOHA) | |
| Source of classification or shelving scheme | Library of Congress Classification |
| Item type | Books |
| 990 ## - EQUIVALENCES OR CROSS-REFERENCES [LOCAL, CANADA] | |
| Link information for 9XX fields | MARCIVE MELB 201906 |
| 990 ## - EQUIVALENCES OR CROSS-REFERENCES [LOCAL, CANADA] | |
| Link information for 9XX fields | Sent to MARCIVE 20191216 |
| 990 ## - EQUIVALENCES OR CROSS-REFERENCES [LOCAL, CANADA] | |
| Link information for 9XX fields | Sent to MARCIVE 20201021 |
| 990 ## - EQUIVALENCES OR CROSS-REFERENCES [LOCAL, CANADA] | |
| Link information for 9XX fields | Sent to MARCIVE 20210622 |
| 990 ## - EQUIVALENCES OR CROSS-REFERENCES [LOCAL, CANADA] | |
| Link information for 9XX fields | Sent to MARCIVE 20211126 |
| Withdrawn status | Lost status | Source of classification or shelving scheme | Damaged status | Not for loan | Home library | Current library | Shelving location | Date acquired | Source of acquisition | Inventory number | Total Checkouts | Full call number | Barcode | Date last seen | Price effective from | Koha item type |
|---|---|---|---|---|---|---|---|---|---|---|---|---|---|---|---|---|
| Library of Congress Classification | BSOP Library | BSOP Library | GC | 12/15/2021 | Rev. and Mrs. Contento | 9305 | BX5149 .M2 P25 1964 | 00020575 | 12/15/2021 | 12/15/2021 | Books |
